332 Subzones of Singapore - Statistics

General Stats
  • This quiz has been taken 418 times
  • The average score is 80 of 332
Answers on the Map
Answers color-coded by a green-red scale on the quiz's map according to % correct below.
 
Answer Stats
Region Planning Area Subzone % Correct
Central Region Southern Islands Sentosa
66%
Central Region Downtown Core Central Subzone
58%
East Region Changi Changi Airport
58%
North Region Lim Chu Kang Lim Chu Kang
53%
East Region Tampines Tampines East
49%
East Region Tampines Tampines West
49%
East Region Bedok Bedok South
46%
North-east Region Seletar Seletar
46%
East Region Bedok Bedok North
45%
Central Region Marine Parade Marine Parade
45%
East Region Tampines Tampines North
45%
West Region Choa Chu Kang Yew Tee
43%
Central Region Outram Chinatown
42%
North Region Sungei Kadut Kranji
42%
Central Region Marina South Marina South
42%
North Region Sembawang Admiralty
41%
North Region Central Water Catchment Central Water Catchment
40%
East Region Changi Bay Changi Bay
40%
North-east Region Hougang Kovan
40%
Central Region Rochor Little India
40%
East Region Tampines Simei
40%
East Region Bedok Bedok Reservoir
39%
Central Region Marina East Marina East
39%
East Region Bedok Siglap
39%
Central Region Downtown Core Tanjong Pagar
39%
North Region Yishun Khatib
38%
East Region Pasir Ris Pasir Ris West
38%
Central Region Toa Payoh Potong Pasir
38%
Central Region Downtown Core Raffles Place
38%
East Region Bedok Bayshore
37%
Central Region Downtown Core Bugis
37%
Central Region Downtown Core City Hall
37%
Central Region Singapore River Clarke Quay
37%
West Region Clementi Clementi West
37%
North-east Region Punggol Coney Island
37%
Central Region Marine Parade East Coast
37%
East Region Pasir Ris Pasir Ris Central
37%
North Region Woodlands Woodlands South
37%
Central Region Geylang Aljunied
36%
Central Region Bukit Merah Bukit Merah
36%
North-east Region Sengkang Compassvale
36%
Central Region Queenstown Kent Ridge
36%
East Region Paya Lebar PLAB
36%
North Region Sembawang Sembawang North
36%
North-east Region Serangoon Serangoon North
36%
Central Region Orchard Tanglin
36%
Central Region Bukit Merah Tiong Bahru
36%
West Region Clementi West Coast
36%
North-east Region Sengkang Anchorvale
35%
West Region Clementi Clementi Central
35%
North-east Region Sengkang Fernvale
35%
West Region Pioneer Joo Koon
35%
East Region Bedok Kembangan
35%
North-east Region North-eastern Islands North-Eastern Islands
35%
Central Region Bukit Merah Redhill
35%
North-east Region Ang Mo Kio Yio Chu Kang
35%
Central Region Bishan Marymount
34%
North-east Region Sengkang Rivervale
34%
West Region Bukit Batok Bukit Batok East
33%
West Region Clementi Clementi North
33%
Central Region Queenstown Dover
33%
North Region Yishun Nee Soon
33%
East Region Tampines Xilin
33%
Central Region Kallang Boon Keng
32%
West Region Bukit Batok Bukit Batok West
32%
West Region Pioneer Gul Circle
32%
North-east Region Hougang Hougang East
32%
North-east Region Hougang Hougang West
32%
East Region Bedok Kaki Bukit
32%
Central Region Geylang Macpherson
32%
North Region Sembawang Sembawang East
32%
North Region Yishun Springleaf
32%
Central Region Toa Payoh Toa Payoh West
32%
Central Region Bishan Upper Thomson
32%
Central Region Toa Payoh Braddell
31%
Central Region Orchard Somerset
31%
Central Region Straits View Straits View
31%
Central Region Kallang Tanjong Rhu
31%
Central Region Toa Payoh Woodleigh
31%
Central Region Bishan Bishan East
30%
West Region Bukit Batok Bukit Batok Central
30%
Central Region Museum Dhoby Ghaut
30%
West Region Bukit Batok Hillview
30%
North-east Region Hougang Hougang Central
30%
Central Region Marine Parade Katong
30%
Central Region Marine Parade Mountbatten
30%
Central Region Queenstown National University Of S'pore
30%
North-east Region Punggol Northshore
30%
Central Region Queenstown Port
30%
Central Region Toa Payoh Toa Payoh Central
30%
North Region Woodlands Woodlands East
30%
Central Region Singapore River Boat Quay
29%
East Region Changi Changi West
29%
Central Region Rochor Farrer Park
29%
Central Region Queenstown One North
29%
East Region Pasir Ris Pasir Ris Park
29%
West Region Western Islands Semakau
29%
North Region Sembawang Sembawang Central
29%
North-east Region Serangoon Serangoon Central
29%
West Region Choa Chu Kang Teck Whye
29%
North Region Yishun Yishun Central
29%
North Region Yishun Yishun East
29%
Central Region Downtown Core Bayfront Subzone
28%
Central Region Rochor Bencoolen
28%
Central Region Toa Payoh Bidadari
28%
West Region Bukit Batok Bukit Batok South
28%
West Region Choa Chu Kang Choa Chu Kang North
28%
Central Region Queenstown Commonwealth
28%
Central Region Museum Fort Canning
28%
Central Region Kallang Geylang Bahru
28%
North-east Region Serangoon Lorong Chuan
28%
East Region Pasir Ris Loyang West
28%
Central Region Downtown Core Maxwell
28%
North-east Region Sengkang Sengkang West
28%
North Region Simpang Simpang North
28%
North Region Simpang Simpang South
28%
North Region Woodlands Woodlands West
28%
North Region Yishun Yishun South
28%
North Region Yishun Yishun West
28%
Central Region Kallang Bendemeer
27%
West Region Tengah Brickland
27%
West Region Choa Chu Kang Choa Chu Kang Central
27%
West Region Tengah Garden
27%
West Region Jurong East Jurong Port
27%
Central Region Kallang Lavender
27%
East Region Pasir Ris Loyang East
27%
Central Region Downtown Core Nicoll
27%
West Region Tengah Park
27%
Central Region Queenstown Pasir Panjang 1
27%
Central Region Queenstown Pasir Panjang 2
27%
North-east Region Punggol Punggol Town Centre
27%
Central Region Queenstown Singapore Polytechnic
27%
North-east Region Hougang Tai Seng
27%
West Region Tuas Tuas North
27%
Central Region Museum Bras Basah
26%
Central Region Bukit Timah Holland Road
26%
East Region Paya Lebar Paya Lebar East
26%
East Region Paya Lebar Paya Lebar West
26%
North-east Region Sengkang Sengkang Town Centre
26%
West Region Bukit Panjang Senja
26%
Central Region Bukit Merah Bukit Ho Swee
25%
East Region Changi Changi Point
25%
West Region Choa Chu Kang Keat Hong
25%
West Region Tengah Plantation
25%
North-east Region Seletar Pulau Punggol Barat
25%
North-east Region Seletar Pulau Punggol Timor
25%
North-east Region Ang Mo Kio Townsville
25%
West Region Tuas Tuas View
25%
Central Region Bukit Timah Ulu Pandan
25%
North-east Region Ang Mo Kio Yio Chu Kang East
25%
North-east Region Ang Mo Kio Yio Chu Kang West
25%
North-east Region Ang Mo Kio Ang Mo Kio Town Centre
24%
West Region Bukit Panjang Fajar
24%
West Region Jurong East Jurong River
24%
Central Region Rochor Kampong Glam
24%
North Region Mandai Mandai East
24%
Central Region Novena Mount Pleasant
24%
West Region Western Water Catchment Murai
24%
West Region Clementi Pandan
24%
East Region Pasir Ris Pasir Ris Wafer Fab Park
24%
East Region Paya Lebar Paya Lebar North
24%
North Region Simpang Pulau Seletar
24%
Central Region Singapore River Robertson Quay
24%
Central Region Southern Islands Southern Group
24%
Central Region Downtown Core Anson
23%
Central Region Downtown Core Cecil
23%
West Region Clementi Clementi Woods
23%
East Region Bedok Frankel
23%
Central Region Geylang Geylang East
23%
West Region Bukit Batok Gombak
23%
North Region Yishun Lower Seletar
23%
North Region Mandai Mandai West
23%
Central Region Queenstown Queensway
23%
North-east Region Serangoon Serangoon Garden
23%
Central Region Bukit Merah Singapore General Hospital
23%
West Region Jurong West Taman Jurong
23%
West Region Tuas Tengeh
23%
West Region Tuas Tuas View Extension
23%
North-east Region Ang Mo Kio Yio Chu Kang North
23%
Central Region Bukit Merah City Terminals
22%
North-east Region Hougang Defu Industrial Park
22%
West Region Jurong West Hong Kah
22%
West Region Western Islands Jurong Island And Bukom
22%
Central Region Geylang Kampong Ubi
22%
North-east Region Hougang Kangkar
22%
Central Region Downtown Core Marina Centre
22%
West Region Western Islands Sudong
22%
North Region Sungei Kadut Turf Club
22%
East Region Paya Lebar Airport Road
21%
West Region Bukit Panjang Bangkit
21%
East Region Pasir Ris Flora Drive
21%
Central Region Toa Payoh Lorong 8 Toa Payoh
21%
North-east Region Punggol Matilda
21%
North Region Woodlands North Coast
21%
East Region Pasir Ris Pasir Ris Drive
21%
Central Region Tanglin Ridout
21%
North-east Region Seletar Seletar Aerospace Park
21%
North Region Sembawang Senoko North
21%
North Region Sembawang Senoko South
21%
Central Region Queenstown Tanglin Halt
21%
Central Region Bukit Merah Alexandra Hill
20%
Central Region Bukit Timah Anak Bukit
20%
Central Region Orchard Boulevard
20%
West Region Jurong West Jurong West Central
20%
Central Region Kallang Kallang Bahru
20%
Central Region Kallang Kampong Bugis
20%
North-east Region Hougang Lorong Halus
20%
North Region Mandai Mandai Estate
20%
Central Region Newton Newton Circus
20%
West Region Jurong East Penjuru Crescent
20%
Central Region Outram People's Park
20%
North-east Region Punggol Punggol Canal
20%
Central Region Bukit Merah Telok Blangah Rise
20%
West Region Jurong East Toh Guan
20%
West Region Western Water Catchment Bahar
19%
North-east Region Serangoon Seletar Hills
19%
North Region Woodlands Senoko West
19%
North-east Region Ang Mo Kio Tagore
19%
Central Region Bukit Merah Telok Blangah Way
19%
North Region Sembawang The Wharves
19%
West Region Tuas Tuas Bay
19%
North-east Region Ang Mo Kio Cheng San
18%
North-east Region Ang Mo Kio Kebun Bahru
18%
North-east Region Hougang Lorong Ah Soo
18%
Central Region Marine Parade Marina East (MP)
18%
West Region Bukit Panjang Nature Reserve
18%
Central Region Bukit Merah Alexandra North
17%
Central Region Novena Balestier
17%
West Region Pioneer Benoi Sector
17%
North-east Region Ang Mo Kio Chong Boon
17%
West Region Bukit Panjang Dairy Farm
17%
Central Region Bukit Merah Depot Road
17%
North Region Sungei Kadut Gali Batu
17%
Central Region Queenstown Ghim Moh
17%
West Region Bukit Batok Hong Kah North
17%
Central Region Geylang Kallang Way
17%
Central Region Kallang Kampong Java
17%
Central Region Bukit Merah Kampong Tiong Bahru
17%
West Region Jurong East Lakeside (Business)
17%
West Region Jurong East Lakeside (Leisure)
17%
North-east Region Sengkang Lorong Halus North
17%
North Region Yishun Northland
17%
West Region Pioneer Pioneer Sector
17%
North-east Region Punggol Punggol Field
17%
West Region Jurong West SAFTI
17%
North-east Region Ang Mo Kio Sembawang Hills
17%
North Region Sembawang Sembawang Springs
17%
North-east Region Ang Mo Kio Shangri-La
17%
West Region Boon Lay Shipyard
17%
Central Region Bukit Timah Swiss Club
17%
West Region Jurong East Teban Gardens
17%
Central Region Bukit Merah Telok Blangah Drive
17%
Central Region Bukit Merah Tiong Bahru Station
17%
West Region Tuas Tuas Promenade
17%
North-east Region Punggol Waterway East
17%
West Region Bukit Batok Brickworks
16%
Central Region Outram China Square
16%
West Region Western Water Catchment Cleantech
16%
Central Region Bukit Merah Everton Park
16%
West Region Tengah Forest Hill
16%
Central Region Newton Istana Negara
16%
West Region Jurong East Jurong Gateway
16%
Central Region Downtown Core Phillip
16%
North Region Sembawang Sembawang Straits
16%
West Region Boon Lay Tukang
16%
North-east Region Serangoon Upper Paya Lebar
16%
North Region Woodlands Woodlands Regional Centre
16%
West Region Jurong West Yunnan
16%
Central Region Bukit Timah Coronation Road
15%
West Region Clementi Faber
15%
Central Region Bukit Timah Farrer Court
15%
West Region Pioneer Gul Basin
15%
Central Region Bukit Merah Henderson Hill
15%
Central Region Queenstown Holland Drive
15%
West Region Jurong East International Business Park
15%
West Region Bukit Panjang Jelebu
15%
Central Region Toa Payoh Joo Seng
15%
Central Region Bukit Merah Maritime Square
15%
North-east Region Hougang Trafalgar
15%
Central Region Bukit Timah Hillcrest
14%
Central Region Outram Pearl's Hill
14%
North Region Sungei Kadut Reservoir View
14%
North-east Region Serangoon Serangoon North Ind Estate
14%
North Region Simpang Tanjong Irau
14%
West Region Tengah Tengah Industrial Estate
14%
West Region Jurong East Yuhua East
14%
West Region Jurong East Yuhua West
14%
West Region Jurong West Boon Lay Place
13%
Central Region Novena Dunearn
13%
Central Region Toa Payoh Kim Keat
13%
Central Region River Valley Oxley
13%
North Region Woodlands Woodgrove
13%
West Region Bukit Batok Guilin
12%
North Region Sungei Kadut Pang Sua
12%
Central Region Downtown Core Clifford Pier
11%
Central Region Kallang Crawford
11%
Central Region Rochor Mount Emily
11%
Central Region River Valley One Tree Hill
11%
Central Region Newton Orange Grove
11%
Central Region Rochor Rochor Canal
11%
West Region Clementi Toh Tuck
11%
Central Region Rochor Victoria
11%
Central Region Tanglin Nassim
10%
Central Region Newton Cairnhill
9%
Central Region River Valley Institution Hill
9%
Central Region Rochor Selegie
9%
Central Region Toa Payoh Sennett
9%
West Region Jurong West Wenya
9%
Central Region Tanglin Chatsworth
8%
Central Region Newton Goodwood Park
8%
Central Region Queenstown Margaret Drive
8%
Central Region Queenstown Mei Chin
8%
Central Region Newton Monk's Hill
8%
West Region Boon Lay Samulun
8%
West Region Bukit Panjang Saujana
8%
Central Region Tanglin Tyersall
8%
Central Region Toa Payoh Boon Teck
7%
Central Region Bukit Timah Leedon Park
7%
North Region Woodlands Midview
7%
Central Region Novena Moulmein
7%
West Region Clementi Sunset Way
7%
West Region Jurong West Chin Bee
6%
North Region Woodlands Greenwood Park
6%
Central Region River Valley Leonie Hill
6%
West Region Boon Lay Liu Fang
6%
Central Region Rochor Mackenzie
6%
Central Region Novena Malcolm
6%
Central Region Toa Payoh Pei Chun
6%
West Region Choa Chu Kang Peng Siang
6%
Central Region Rochor Sungei Road
6%
West Region Jurong West Kian Teck
5%
Central Region River Valley Paterson
5%
No matching quizzes found
Score Distribution
Percent of People with Each Score
Percentile by Number Answered
Your Score History
You have not taken this quiz